Význam inovácií pri zvyšovaní konkurencieschopnosti krajiny diplomová práca

Salvato in:
Dettagli Bibliografici
Autore principale: Drozdová, Monika
Ente Autore: Obchodná fakulta EU. Katedra medzinárodného obchodu
Altri autori: Pásztorová, Jana, 1960-
Natura: Libro
Lingua:slovacco
Pubblicazione: Bratislava 2011
Tags: Aggiungi Tag
Nessun Tag, puoi essere il primo ad aggiungerne!!

MARC

LEADER 00000nam a2200000 4500
001 0147521
005 20240318124853.8
041 0 |a slo 
044 |a SK 
245 1 0 |a Význam inovácií pri zvyšovaní konkurencieschopnosti krajiny  |b diplomová práca  |c Monika Drozdová ; školiteľ: Jana Pásztorová 
264 1 |a Bratislava  |c 2011 
300 |a 79 s. 
100 1 |a Drozdová, Monika 
700 1 |a Pásztorová, Jana, 1960- 
710 2 |a Obchodná fakulta EU. Katedra medzinárodného obchodu